000 00329nam a22001457a 4500
008 210305b ||||| |||| 00| 0 eng d
020 _a0070109052
041 _aeng
080 _25th
_a51
082 _a51
100 _a36
101 _aMAT
245 _aComplex Variables and Applications
_cChurchill, R.V
942 _2udc
_cBK
999 _c55851
_d55851